000 01452nam a2200301 4500
001 0000022731
003 CO-CtgCURN
005 20250329164831.0
007 ta
008 160627s2006 000 0 eng d
020 _a9682478200
040 _aCO-CtgCURN
_bspa
_ccoctgcurn
082 0 _a611
_bF83a
100 1 _aFuentes Santoyo, Rogelio.
245 1 0 _aAnatomía y fisiología y ciencias de la salud /
_cRogelio Fuentes Santoyo.
250 _a4a ed.
260 _aMexico :
_bTrillas,
_c2006.
300 _a332 p.
336 _2rdacontent
337 _2rdamedia
_asin mediacion
_bn
338 _2rdacarrier
_avolumen
_bnc
500 _aIncluye indice.
505 8 _aIntroducción a la anatomía.--Embriología.--Histología.--Aparatos, organos y sistemas.--Osteología.--Artrología.--Miología.--Aparato tegumentario.--Sistema nervioso.--organos de los sentidos.--Esplacnología.--Endocrinología.--Aparato digestivo.--Aparato respiratorio.--Aparato urogenital.--Aparato cardiovascular.--Anatomía de integracion.--Anatomía aplicada.--Anatomía de las edades.--Antropometria.--Anatomía descriptiva.--Introducción a las ciencias de la salud.--Salud y enfermedad.--Alimentacion y nutricion.--Psiquismo y enfermedad.--Problemas sociales de nuestro tiempo.--Ecología y enfermedad
650 1 4 _aAnatomía.
908 _a160627
942 _cBK
_h611
_iF83a
_2ddc
999 _c1838
_d1838